000 01375nmc a2200445 a 4500
003 AR-BaBNM
005 20251128210920.0
008 101020s1999 ||||||||||||||000 | spa||
020 _a950-12-6129-8
040 _cAR-BaBNM
100 1 _aMolinari, Andrea
245 1 0 _aProyectos de orientación y tutoría
_benfoques y propuestas para el cambio en la escuela
250 _a1ª ed.
260 _aBuenos Aires
_bPaidós
_c1999
300 0 _a247 p.
_btablas
490 0 _aCuestiones de educación
_vv. 29
500 0 _aContiene referencias bibliográficas
650 4 _aTUTORIA
650 4 _aADOLESCENTES
650 4 _aORIENTACION PROFESIONAL
650 4 _aEDUCACION Y EMPLEO
650 4 _aPROCESO DE APRENDIZAJE
650 4 _aFUNCIONES DE LA ORIENTACION
653 0 _aORIENTACION EDUCATIVA
653 0 _aGESTION EDUCATIVA
653 0 _aPROYECTOS CURRICULARES
653 0 _aPROYECTO EDUCATIVO INSTITUCIONAL
653 0 _aTERCER CICLO DE LA EGB
653 0 _aMARGINACION EDUCATIVA
653 0 _aESTRATEGIAS EDUCATIVAS
700 1 _aKrichesky, Marcelo
_ecoordinador
700 1 _aWeisberg, Verónica
700 1 _aCapellacci, Inés
700 1 _aBrito, Andrea
_ecolaborador
700 1 _aLevy, Esther
_ecolaborador
800 1 _aDelgadillo, María Carmen
_edirector
800 1 _aAlen, Beatriz
_edirector
942 _cBK
998 _cRAQUEL
999 _c17435
_d17435